Higher Secondary Physics : (Record no. 8483)
[ view plain ]
| 000 -LEADER | |
|---|---|
| fixed length control field | 00669nam a2200241 a 4500 |
| 001 - CONTROL NUMBER | |
| JCCL Control Number | 8483 |
| 003 - CONTROL NUMBER IDENTIFIER | |
| JCCL marc code | BD-JhCC |
| 005 - DATE AND TIME OF LATEST TRANSACTION | |
| control field | 20190904134018.0 |
| 008 - FIXED-LENGTH DATA ELEMENTS--GENERAL INFORMATION | |
| fixed length control field | 180222s2002 bg a|||| |||| 000 0 eng d |
| 035 ## - SYSTEM CONTROL NUMBER | |
| system control number | (BD-JhCC)8483 |
| 040 ## - CATALOGING SOURCE | |
| Original cataloging agency | BD-JhCC |
| Modifying agency | BD-JhCC |
| 041 ## - LANGUAGE CODE | |
| Language code of Book | eng |
| 082 ## - DEWEY DECIMAL CLASSIFICATION NUMBER | |
| Classification number | 530 |
| Author mark and Year | ALI 2002 |
| 100 ## - MAIN ENTRY--PERSONAL NAME | |
| Personal name | Ali, Eunus |
| 245 ## - TITLE STATEMENT | |
| Title | Higher Secondary Physics : |
| Remainder of title | First Paper / |
| Statement of responsibility, etc | Prof. Eunus Ali, Sudeb Paul & Philip Rozario [co-ordinator] |
| 260 ## - PUBLICATION, DISTRIBUTION, ETC. (IMPRINT) | |
| Place of publication, distribution, etc | Dhaka : |
| Name of publisher, distributor, etc | The Atlas Publishing House, |
| Date of publication, distribution, etc | 2002. |
| 300 ## - PHYSICAL DESCRIPTION | |
| Pagination | 274 p. : |
| Other physical details | ill. , |
| Dimensions | 24 cm. |
| 650 ## - SUBJECT ADDED ENTRY--TOPICAL TERM | |
| Topical term or geographic name as entry element | Physics |
| 700 ## - ADDED ENTRY--PERSONAL NAME | |
| Personal name | Paul, Sudeb |
| 700 ## - ADDED ENTRY--PERSONAL NAME | |
| Personal name | Rozario, Philip |
| 942 ## - ADDED ENTRY ELEMENTS (KOHA) | |
| Source of classification or shelving scheme | Dewey Decimal Classification |
| Koha item type | Books |
| Koha issues (borrowed), all copies | 2 |
| Source of classification or shelving scheme | Damaged status | Not for loan | Home library | Current library | Shelving location | Date of accession | Cost, normal purchase price | Total Checkouts | Full call number | Barcode | Date last seen | Copy number | Koha item type | Date checked out |
|---|---|---|---|---|---|---|---|---|---|---|---|---|---|---|
| Dewey Decimal Classification | JCC Rouf Library | JCC Rouf Library | General Stacks | 02/25/2018 | 280.00 | 530 ALI 2002 | 10785 | 02/25/2018 | C-1 | Books | ||||
| Dewey Decimal Classification | JCC Rouf Library | JCC Rouf Library | General Stacks | 03/03/2018 | 280.00 | 530 ALI 2002 | 11655 | 03/03/2018 | C-2 | Books | ||||
| Dewey Decimal Classification | JCC Rouf Library | JCC Rouf Library | General Stacks | 03/03/2018 | 280.00 | 1 | 530 ALI 2002 | 11660 | 09/16/2019 | C-3 | Books | 09/03/2019 | ||
| Dewey Decimal Classification | JCC Rouf Library | JCC Rouf Library | General Stacks | 03/03/2018 | 280.00 | 530 ALI 2002 | 11659 | 03/03/2018 | C-4 | Books |